<?xml version="1.0" encoding="UTF-8"?>
<record
    xmlns:xsi="http://www.w3.org/2001/XMLSchema-instance"
    xsi:schemaLocation="http://www.loc.gov/MARC21/slim http://www.loc.gov/standards/marcxml/schema/MARC21slim.xsd"
    xmlns="http://www.loc.gov/MARC21/slim">

  <leader>00489nam a2200181   4500</leader>
  <controlfield tag="003">SEACOMMC</controlfield>
  <controlfield tag="005">20250502141421.0</controlfield>
  <controlfield tag="008">240711b        |||||||| |||| 00| 0 eng d</controlfield>
  <datafield tag="020" ind1=" " ind2=" ">
    <subfield code="a">978-1-25-900461-2</subfield>
    <subfield code="c">Rs.215.00</subfield>
  </datafield>
  <datafield tag="040" ind1=" " ind2=" ">
    <subfield code="a">SEACOMMC</subfield>
  </datafield>
  <datafield tag="082" ind1=" " ind2=" ">
    <subfield code="a">005.133</subfield>
    <subfield code="b">B171</subfield>
  </datafield>
  <datafield tag="100" ind1=" " ind2=" ">
    <subfield code="a">Balagurusamy, E</subfield>
  </datafield>
  <datafield tag="245" ind1="1" ind2=" ">
    <subfield code="a">Programming in ANSI C /</subfield>
    <subfield code="c"> Balagurusamy, E</subfield>
  </datafield>
  <datafield tag="250" ind1=" " ind2=" ">
    <subfield code="a">4th ed.</subfield>
  </datafield>
  <datafield tag="260" ind1=" " ind2=" ">
    <subfield code="a"> New Delhi</subfield>
    <subfield code="b">Tata McGraw Hill </subfield>
    <subfield code="c"> 2008</subfield>
  </datafield>
  <datafield tag="650" ind1=" " ind2=" ">
    <subfield code="a"> C (Computer program language)</subfield>
  </datafield>
  <datafield tag="942" ind1=" " ind2=" ">
    <subfield code="c">BOOK</subfield>
  </datafield>
  <datafield tag="952" ind1=" " ind2=" ">
    <subfield code="0">0</subfield>
    <subfield code="1">0</subfield>
    <subfield code="2">ddc</subfield>
    <subfield code="4">0</subfield>
    <subfield code="7">0</subfield>
    <subfield code="a">SEACOMMC</subfield>
    <subfield code="b">SEACOMMC</subfield>
    <subfield code="c">REF</subfield>
    <subfield code="d">2008-07-23</subfield>
    <subfield code="l">0</subfield>
    <subfield code="o">005.133 B171</subfield>
    <subfield code="p">M2117</subfield>
    <subfield code="r">2024-07-11 11:48:56</subfield>
    <subfield code="w">2024-07-11</subfield>
    <subfield code="y">REF</subfield>
  </datafield>
  <datafield tag="952" ind1=" " ind2=" ">
    <subfield code="0">0</subfield>
    <subfield code="1">0</subfield>
    <subfield code="2">ddc</subfield>
    <subfield code="4">0</subfield>
    <subfield code="7">0</subfield>
    <subfield code="a">SEACOMMC</subfield>
    <subfield code="b">SEACOMMC</subfield>
    <subfield code="d">2008-07-23</subfield>
    <subfield code="l">0</subfield>
    <subfield code="o">005.133 B171</subfield>
    <subfield code="p">M2118</subfield>
    <subfield code="r">2024-07-11 11:49:25</subfield>
    <subfield code="t">1</subfield>
    <subfield code="w">2024-07-11</subfield>
    <subfield code="y">BOOK</subfield>
  </datafield>
  <datafield tag="952" ind1=" " ind2=" ">
    <subfield code="0">0</subfield>
    <subfield code="1">0</subfield>
    <subfield code="2">ddc</subfield>
    <subfield code="4">0</subfield>
    <subfield code="7">0</subfield>
    <subfield code="a">SEACOMMC</subfield>
    <subfield code="b">SEACOMMC</subfield>
    <subfield code="d">2008-07-23</subfield>
    <subfield code="l">0</subfield>
    <subfield code="o">005.133 B171</subfield>
    <subfield code="p">M2119</subfield>
    <subfield code="r">2024-07-11 11:49:25</subfield>
    <subfield code="t">2</subfield>
    <subfield code="w">2024-07-11</subfield>
    <subfield code="y">BOOK</subfield>
  </datafield>
  <datafield tag="952" ind1=" " ind2=" ">
    <subfield code="0">0</subfield>
    <subfield code="1">0</subfield>
    <subfield code="2">ddc</subfield>
    <subfield code="4">0</subfield>
    <subfield code="7">0</subfield>
    <subfield code="a">SEACOMMC</subfield>
    <subfield code="b">SEACOMMC</subfield>
    <subfield code="d">2008-07-23</subfield>
    <subfield code="l">0</subfield>
    <subfield code="o">005.133 B171</subfield>
    <subfield code="p">M2120</subfield>
    <subfield code="r">2024-07-11 11:49:25</subfield>
    <subfield code="t">3</subfield>
    <subfield code="w">2024-07-11</subfield>
    <subfield code="y">BOOK</subfield>
  </datafield>
  <datafield tag="952" ind1=" " ind2=" ">
    <subfield code="0">0</subfield>
    <subfield code="1">0</subfield>
    <subfield code="2">ddc</subfield>
    <subfield code="4">0</subfield>
    <subfield code="7">0</subfield>
    <subfield code="a">SEACOMMC</subfield>
    <subfield code="b">SEACOMMC</subfield>
    <subfield code="d">2008-07-23</subfield>
    <subfield code="l">0</subfield>
    <subfield code="o">005.133 B171</subfield>
    <subfield code="p">M2121</subfield>
    <subfield code="r">2024-07-11 11:49:25</subfield>
    <subfield code="t">4</subfield>
    <subfield code="w">2024-07-11</subfield>
    <subfield code="y">BOOK</subfield>
  </datafield>
  <datafield tag="952" ind1=" " ind2=" ">
    <subfield code="0">0</subfield>
    <subfield code="1">0</subfield>
    <subfield code="2">ddc</subfield>
    <subfield code="4">0</subfield>
    <subfield code="7">0</subfield>
    <subfield code="a">SEACOMMC</subfield>
    <subfield code="b">SEACOMMC</subfield>
    <subfield code="d">2008-07-23</subfield>
    <subfield code="l">0</subfield>
    <subfield code="o">005.133 B171</subfield>
    <subfield code="p">M2122</subfield>
    <subfield code="r">2024-07-11 11:49:25</subfield>
    <subfield code="t">5</subfield>
    <subfield code="w">2024-07-11</subfield>
    <subfield code="y">BOOK</subfield>
  </datafield>
  <datafield tag="952" ind1=" " ind2=" ">
    <subfield code="0">0</subfield>
    <subfield code="1">0</subfield>
    <subfield code="2">ddc</subfield>
    <subfield code="4">0</subfield>
    <subfield code="7">0</subfield>
    <subfield code="a">SEACOMMC</subfield>
    <subfield code="b">SEACOMMC</subfield>
    <subfield code="d">2008-07-23</subfield>
    <subfield code="l">0</subfield>
    <subfield code="o">005.133 B171</subfield>
    <subfield code="p">M2123</subfield>
    <subfield code="r">2024-07-11 11:49:25</subfield>
    <subfield code="t">6</subfield>
    <subfield code="w">2024-07-11</subfield>
    <subfield code="y">BOOK</subfield>
  </datafield>
  <datafield tag="952" ind1=" " ind2=" ">
    <subfield code="0">0</subfield>
    <subfield code="1">0</subfield>
    <subfield code="2">ddc</subfield>
    <subfield code="4">0</subfield>
    <subfield code="7">0</subfield>
    <subfield code="a">SEACOMMC</subfield>
    <subfield code="b">SEACOMMC</subfield>
    <subfield code="d">2008-07-23</subfield>
    <subfield code="l">0</subfield>
    <subfield code="o">005.133 B171</subfield>
    <subfield code="p">M2124</subfield>
    <subfield code="r">2024-07-11 11:49:25</subfield>
    <subfield code="t">7</subfield>
    <subfield code="w">2024-07-11</subfield>
    <subfield code="y">BOOK</subfield>
  </datafield>
  <datafield tag="952" ind1=" " ind2=" ">
    <subfield code="0">0</subfield>
    <subfield code="1">0</subfield>
    <subfield code="2">ddc</subfield>
    <subfield code="4">0</subfield>
    <subfield code="7">0</subfield>
    <subfield code="a">SEACOMMC</subfield>
    <subfield code="b">SEACOMMC</subfield>
    <subfield code="d">2008-07-23</subfield>
    <subfield code="l">0</subfield>
    <subfield code="o">005.133 B171</subfield>
    <subfield code="p">M2125</subfield>
    <subfield code="r">2024-07-11 11:49:25</subfield>
    <subfield code="t">8</subfield>
    <subfield code="w">2024-07-11</subfield>
    <subfield code="y">BOOK</subfield>
  </datafield>
  <datafield tag="952" ind1=" " ind2=" ">
    <subfield code="0">0</subfield>
    <subfield code="1">0</subfield>
    <subfield code="2">ddc</subfield>
    <subfield code="4">0</subfield>
    <subfield code="7">0</subfield>
    <subfield code="a">SEACOMMC</subfield>
    <subfield code="b">SEACOMMC</subfield>
    <subfield code="d">2008-07-23</subfield>
    <subfield code="l">0</subfield>
    <subfield code="o">005.133 B171</subfield>
    <subfield code="p">M2126</subfield>
    <subfield code="r">2024-07-11 11:49:25</subfield>
    <subfield code="t">9</subfield>
    <subfield code="w">2024-07-11</subfield>
    <subfield code="y">BOOK</subfield>
  </datafield>
  <datafield tag="999" ind1=" " ind2=" ">
    <subfield code="c">535</subfield>
    <subfield code="d">535</subfield>
  </datafield>
</record>
